书目信息 |
| 题名: |
傲慢与偏见
|
|
| 作者: | 奥斯丁 原著 ;王勋 , 纪飞 编译 | |
| 分册: | ||
| 出版信息: | 北京 清华大学出版社 2009 |
|
| 页数: | 382页 | |
| 开本: | 26cm | |
| 丛书名: | ||
| 单 册: | ||
| 中图分类: | H319.4:I | |
| 科图分类: | ||
| 主题词: | 英语--语言读物 , 长篇小说--英国--近代 , 英语 , 长篇小说 | |
| 电子资源: | ||
| ISBN: | 978-7-302-19001-1 | |
| 000 | 00940nam0 2200301 45 | |
| 001 | 1050720265 | |
| 005 | 20100416094817.98 | |
| 010 | @a978-7-302-19001-1@dCNY38.00 | |
| 100 | @a20100408d2009 em y0chiy0120 ea | |
| 101 | 1 | @achi@ceng |
| 102 | @aCN@b110000 | |
| 105 | @aa z 000ay | |
| 106 | @ar | |
| 200 | 1 | @a傲慢与偏见@AAo Man Yu Pian Jian@dPride and prejudice@f(英)简·奥斯丁原著@F( Ying ) Jian· Ao Si Ding Yuan Zhu@g王勋,纪飞等编译@zeng |
| 210 | @a北京@c清华大学出版社@d2009 | |
| 215 | @a382页@c插图@d26cm | |
| 300 | @a中文导读英文版 | |
| 510 | 1 | @aPride and prejudice@zeng |
| 606 | 0 | @a英语@j语言读物 |
| 606 | 0 | @a长篇小说@y英国@z近代 |
| 606 | 0 | @a英语 |
| 606 | 0 | @a长篇小说 |
| 690 | @aH319.4:I@v4 | |
| 701 | 1 | @a奥斯丁@AAo Si Ding@g(Austen, Jane@f1775~1817)@4原著 |
| 702 | 0 | @a王勋@AWang Xun@4编译 |
| 702 | 0 | @a纪飞@AJi Fei@4编译 |
| 801 | 0 | @aCN@bTANGWEI@c20100416 |
| 905 | @b0589854-58@dH319.4:I@e1581@f5 | |
| 傲慢与偏见=Pride and prejudice/(英)简·奥斯丁原著/王勋,纪飞等编译.-北京:清华大学出版社,2009 |
| 382页:插图;26cm |
| 中文导读英文版 |
| ISBN 978-7-302-19001-1:CNY38.00 |
| ● |
| 相关链接 |
|
|
|
|
正题名:傲慢与偏见
索取号:H319.4:I/1581
 
预约/预借
| 序号 | 登录号 | 条形码 | 馆藏地/架位号 | 状态 | 备注 |
| 1 | 0589854 | 205898545 | 第二样本阅览室/ [索取号:H319.4:I/1581] | 在馆 | |
| 2 | 0589855 | 205898554 | 第四借阅区/ [索取号:H319.4:I/1581] | 在馆 | |
| 3 | 0589856 | 205898563 | 第四借阅区/ [索取号:H319.4:I/1581] | 在馆 | |
| 4 | 0589857 | 205898572 | 第四借阅区/ [索取号:H319.4:I/1581] | 在馆 | |
| 5 | 0589858 | 205898581 | 第四借阅区/ [索取号:H319.4:I/1581] | 在馆 |